Stations

Guardado en:
Detalles Bibliográficos
Autor principal: Uffelen, Christian van (Autor)
Formato: Libro
Lenguaje:inglés
Publicado: Berlin : Braun, 2010
Materias:
Etiquetas: Agregar Etiqueta
Sin Etiquetas, Sea el primero en etiquetar este registro!

MARC

LEADER 00000nam a22000003a 4500
001 stu220140
005 20150617230117.1
008 110117s2010------------------------eng-d
020 |a 978-3-03768-044-5 
040 |a STU  |b slo 
041 0 |a eng 
100 1 |a Uffelen, Christian van  |4 aut 
245 1 |a Stations 
260 |a Berlin :  |b Braun,  |c 2010 
300 |a 253 s 
650 7 |a budovy dopravné  |2 stusub 
650 7 |a stanice železničné  |2 stusub 
996 |b 284AU04672  |c A*7210 U  |l AAKNST  |s P  |a 0  |w stu220140_0001